000 00491nam a2200193Ia 4500
008 170918s9999 xx 000 0 und d
020 _a9780439216487
050 _bC947 2000
100 _aCronin, Doreen
245 _aClick, clack, moo cows that type /
245 _cby Doreen Cronin ; pictures by Betsy Lewin.
260 _aNew York :
260 _bScholastic,
260 _c2000
300 _aunpaged :
300 _bcolored illustration ;
300 _c25cm.
500 _a160
999 _c343114
_d343114